Political theory (Record no. 241456)

MARC details
000 -LEADER
fixed length control field 01581nam a22002657a 4500
005 - DATE AND TIME OF LATEST TRANSACTION
control field 20260521095615.0
008 - FIXED-LENGTH DATA ELEMENTS--GENERAL INFORMATION
fixed length control field 260520b |||||||| |||| 00| 0 eng d
020 ## - INTERNATIONAL STANDARD BOOK NUMBER
International Standard Book Number 9788121903691
040 ## - CATALOGING SOURCE
Transcribing agency AL
041 ## - LANGUAGE CODE
Language code of text/sound track or separate title eng
082 ## - DEWEY DECIMAL CLASSIFICATION NUMBER
Classification number 320.01
Item number MAHP
100 ## - MAIN ENTRY--PERSONAL NAME
Personal name V D Mahajan
100 ## - MAIN ENTRY--PERSONAL NAME
9 (RLIN) 264213
245 ## - TITLE STATEMENT
Title Political theory
Remainder of title : principles of political science
250 ## - EDITION STATEMENT
Edition statement 5 Rev
260 ## - PUBLICATION, DISTRIBUTION, ETC.
Place of publication, distribution, etc. Noida
Name of publisher, distributor, etc. S Chand and Company Ltd
Date of publication, distribution, etc. 2024
300 ## - PHYSICAL DESCRIPTION
Extent xii,825p
Other physical details PB
Dimensions 23.5x16.5cm
365 ## - TRADE PRICE
Source of price type code Political Science
Price type code 6831
Price amount ₹520.00
Currency code
Unit of pricing ₹650.00
Price note 20%
Price effective from 14-03-2026
520 ## - SUMMARY, ETC.
Summary, etc. Political Theory is a comprehensive study on the subject providing an insight into latest thinking by the contemporary political scientists. It introduces the students to various political theories, their evolution and approaches and<br/>an assessment of their critical and contemporary trends. It also helps in reconciling political theory and practice through reflections on the ideas and practices related to welfare state, Fascism, Nazism, democracy, nationalism,<br/>internationalism and imperialism. It is developed for the undergraduate students of Political Science (Pass and honours courses). Aspirants of various competitive examinations such as Civil Services Examination and state public service commission examinations will also find the book extremely useful.
650 ## - SUBJECT ADDED ENTRY--TOPICAL TERM
Topical term or geographic name entry element Political Analysis
9 (RLIN) 264151
650 ## - SUBJECT ADDED ENTRY--TOPICAL TERM
Topical term or geographic name entry element Citizenship
9 (RLIN) 264152
650 ## - SUBJECT ADDED ENTRY--TOPICAL TERM
Topical term or geographic name entry element Marxism and Bolshevism
9 (RLIN) 264153
650 ## - SUBJECT ADDED ENTRY--TOPICAL TERM
Topical term or geographic name entry element Political Thought of Mahatma Gandhi
9 (RLIN) 264154
650 ## - SUBJECT ADDED ENTRY--TOPICAL TERM
Topical term or geographic name entry element Fascism and Nazism
9 (RLIN) 264155
942 ## - ADDED ENTRY ELEMENTS (KOHA)
Source of classification or shelving scheme Dewey Decimal Classification
Koha item type Book
Holdings
Withdrawn status Lost status Source of classification or shelving scheme Damaged status Not for loan Collection code Home library Current library Date acquired Source of acquisition Cost, normal purchase price Total Checkouts Full call number Barcode Date last seen Cost, replacement price Price effective from Koha item type
    Dewey Decimal Classification     Political Science St Aloysius Library St Aloysius Library 03/17/2026 Biblios Book Point Surathkal Mangalore 575014 520.00   320.01 MAHP 078094 05/20/2026 650.00 03/14/2026 Book